O mestnych nalogach.

Základné pravidlá vyrúbenia miestnych daní. Právnické osoby a miestne dane. Pozemková daň platená právnickými osobami. Daň zo zisku a miestne dane. Zdaňovanie hazardných hier. Jednorazové poplatky za udelenie práva na predaj spotrebného tovaru.

Gespeichert in:
Bibliographische Detailangaben
1. Verfasser: Salina, A.I
Format: Buchkapitel
Sprache:Russisch
Schlagworte:
Tags: Tag hinzufügen
Keine Tags, Fügen Sie das erste Tag hinzu!

MARC

LEADER 00000naa a2200000 4500
001 r012243
005 20221208122610.9
041 0 |a rus 
044 |a RU 
245 1 0 |a O mestnych nalogach.  |c A.I. Salina 
520 |a Základné pravidlá vyrúbenia miestnych daní. Právnické osoby a miestne dane. Pozemková daň platená právnickými osobami. Daň zo zisku a miestne dane. Zdaňovanie hazardných hier. Jednorazové poplatky za udelenie práva na predaj spotrebného tovaru. 
610 2 0 |a dane 
610 2 0 |a dane zo zisku 
610 2 0 |a pozemky 
610 2 0 |a správa miestna 
610 2 0 |a hry hazardné 
100 1 |a Salina, A.I.